01692cam a22004334i 4500003000900000005001700009008004100026035001900067040003300086049000900119082002300128110006100151245017800212264007800390300002700468336002100495337002500516338002300541500003500564505005600599526001000655526001000665526001000675526001000685526000800695526000800703526000800711526000800719526000800727526000800735526000800743650005200751910000800803942001200811980005800823999001700881952018600898952017401084PE-LiUPU20260423175853.0150617s r 000 0 d a(Sirsi) a16976 aPE-LiUPUbspacPE-LiUPUerda aPRUA04a286.732bS726c221 aSouth American Division of Seventh-Day Adventists.9850310aConstitution, by-laws and working policy of the General Conference of Seventh-day Adventists :bSouth American Division /cSouth American Division of Seventh-Day Adventists. 1aBuenos Aires :bSouth American Division of Seventh-Day Adventists,c1943. a128 páginas ;c15 cm atext2rdacontent aunmediated2rdamedia avolume2rdacarrier aOtra edición del año 1926.0 aConstitution and by-laws of the general conference. aSEG42 aSEG41 aSEG40 aSEG39 aP94 aP87 aP86 aP85 aP77 aP76 aP3514aAdventistas del séptimo díaxGobierno93095 ajck 2ddccBK 818226gJaime Vilcazán Jefe de Análisis Documental c16503d16503 r2026-04-23 09:52:00i7l1o286.732 S726cp03370q2027-10-07s2026-04-23te1w2015-04-21xFACTEOyBKzinventario-2023-12-13102ddc50708GENfP35aBULbBULcGENd2015-04-21eCOMPRA r2026-04-27 15:39:58i7l1o286.732 S726cp03369s2026-04-23te2w2015-04-21xFACTEOyBKzinventario-2023-12-13102ddc50708GENfP35aBULbBULcGENd2015-04-21eCOMPRA